Ways of reading : (Record no. 805)

MARC details
000 -LEADER
fixed length control field 01175cam a2200313 i 4500
001 - CONTROL NUMBER
control field 22015382
003 - CONTROL NUMBER IDENTIFIER
control field OSt
005 - DATE AND TIME OF LATEST TRANSACTION
control field 20250417104138.0
008 - FIXED-LENGTH DATA ELEMENTS--GENERAL INFORMATION
fixed length control field 210429s2020 maua b 000 0 eng
010 ## - LIBRARY OF CONGRESS CONTROL NUMBER
LC control number 2020430097
020 ## - INTERNATIONAL STANDARD BOOK NUMBER
International Standard Book Number 9781319195809
Qualifying information (paperback)
035 ## - SYSTEM CONTROL NUMBER
System control number (OCoLC)on1184678810
040 ## - CATALOGING SOURCE
Original cataloging agency GMU
Language of cataloging eng
Transcribing agency KCST
042 ## - AUTHENTICATION CODE
Authentication code lccopycat
050 00 - LIBRARY OF CONGRESS CALL NUMBER
Classification number PE1417
Item number .B373 2020
082 04 - DEWEY DECIMAL CLASSIFICATION NUMBER
Classification number 808.0427
Edition information 23
Item number Ba Wa
100 1# - MAIN ENTRY--PERSONAL NAME
Personal name Bartholomae, David,
Relator term author.
9 (RLIN) 5675
245 10 - TITLE STATEMENT
Title Ways of reading :
Remainder of title an anthology for writers /
Statement of responsibility, etc. David Bartholomae, University of Pittsburgh, Anthony Petrosky, University of Pittsburgh, Stacey Waite, University of Nebraska-Lincoln.
250 ## - EDITION STATEMENT
Edition statement 12th
260 ## - PUBLICATION, DISTRIBUTION, ETC.
Place of publication, distribution, etc. Boston ;
Name of publisher, distributor, etc. Bedford/St. Martins, Macmillan Learning,
Date of publication, distribution, etc. [2020].
300 ## - PHYSICAL DESCRIPTION
Extent xxv, 709 pages :
Other physical details illustrations ;
Dimensions 24 cm
504 ## - BIBLIOGRAPHY, ETC. NOTE
Bibliography, etc. note Includes bibliographical references (pages 708-709).
650 #0 - SUBJECT ADDED ENTRY--TOPICAL TERM
Topical term or geographic name entry element College readers.
9 (RLIN) 5204
650 #0 - SUBJECT ADDED ENTRY--TOPICAL TERM
Topical term or geographic name entry element English language
General subdivision Rhetoric
Form subdivision Problems, exercises, etc.
9 (RLIN) 5205
650 #0 - SUBJECT ADDED ENTRY--TOPICAL TERM
Topical term or geographic name entry element Report writing
Form subdivision Problems, exercises, etc.
9 (RLIN) 5206
700 1# - ADDED ENTRY--PERSONAL NAME
Personal name Petrosky, Tony,
Relator term author.
9 (RLIN) 5676
700 1# - ADDED ENTRY--PERSONAL NAME
Personal name Waite, Stacey,
Relator term author.
9 (RLIN) 5677
942 ## - ADDED ENTRY ELEMENTS (KOHA)
Source of classification or shelving scheme Dewey Decimal Classification
Koha item type Book
Holdings
Withdrawn status Lost status Source of classification or shelving scheme Damaged status Not for loan Home library Current library Date acquired Cost, normal purchase price Total checkouts Full call number Barcode Date last seen Cost, replacement price Price effective from Koha item type
    Dewey Decimal Classification     KCST Library KCST Library 21/03/2022 27.80   808.0427 Ba Wa 1000001034 21/03/2022 27.80 21/03/2022 Book
    Dewey Decimal Classification     KCST Library KCST Library 21/03/2022 27.80   808.0427 Ba Wa 1000001035 21/03/2022 27.80 21/03/2022 Book
    Dewey Decimal Classification     KCST Library KCST Library 21/03/2022 27.80   808.0427 Ba Wa 1000001036 21/03/2022 27.80 21/03/2022 Book
© 2025 KCST. All rights reserved